Loading...
| History - European History | 1 | 5 | 0 | 1 | 65 | 26 | 78.33 | 2 | 6 |
| History - World History | 3 | 1 | 1 | 0 | 50 | 42 | 64.00 | 1 | 4 |
| Religion | 3 | 0 | 1 | 0 | 40 | 18 | 38.67 | 3 | 3 |
| Geography | 2 | 1 | 1 | 0 | 35 | 57 | 68.67 | 2 | 2 |
| Social Science | 0 | 4 | 2 | 0 | 30 | 68 | 75.25 | 1 | 4 |
| History - American History | 1 | 2 | 1 | 0 | 30 | 38 | 63.33 | 2 | 3 |
| Science - Other Science | 1 | 1 | 0 | 0 | 25 | 17 | 47.50 | 1 | 2 |
| Fine Arts - Auditory Fine Arts | 1 | 1 | 0 | 0 | 25 | 73 | 91.00 | 1 | 2 |
| Fine Arts - Other Fine Arts | 0 | 3 | 1 | 1 | 25 | 96 | 118.67 | 2 | 3 |
| Science - Physics | 1 | 1 | 0 | 0 | 25 | 5 | 36.50 | 2 | 2 |
| Current Events | 0 | 2 | 0 | 0 | 20 | 73 | 84.50 | 1 | 2 |
| History - Other History | 1 | 1 | 1 | 0 | 20 | 47 | 55.50 | 0 | 2 |
| Science - Chemistry | 0 | 2 | 0 | 0 | 20 | 87 | 98.00 | 0 | 2 |
| Literature - European Literature | 1 | 0 | 0 | 0 | 15 | 62 | 62.00 | 1 | 1 |
| Fine Arts - Visual Fine Arts | 0 | 1 | 0 | 1 | 10 | 144 | 144.00 | 0 | 1 |
| Other Academic | 0 | 1 | 1 | 0 | 5 | 87 | 87.00 | 0 | 1 |
| Science - Biology | 0 | 1 | 1 | 0 | 5 | 71 | 71.00 | 1 | 1 |